MARC
|
|
|
|
| LEADER |
00000nam0a2200000 4500 |
| 001 |
114236 |
| 005 |
20231101215159.0 |
| 035 |
|
|
|a (RuTPU)RU\TPU\book\123539
|
| 090 |
|
|
|a 114236
|
| 100 |
|
|
|a 20070420d1980 m y0rusy50 ca
|
| 101 |
0 |
|
|a rus
|
| 102 |
|
|
|a RU
|
| 105 |
|
|
|a a z 001zy
|
| 200 |
1 |
|
|a Социология образования
|f Ф. Р. Филиппов
|
| 210 |
|
|
|a Москва
|c Наука
|d 1980
|
| 215 |
|
|
|a 199 с.
|c ил.
|
| 320 |
|
|
|a Библиогр.: с. 191-195
|
| 320 |
|
|
|a Библиогр. в примеч. в конце гл.
|
| 606 |
1 |
|
|a Образование
|x Социология
|2 stltpush
|3 (RuTPU)RU\TPU\subj\37750
|9 58581
|
| 610 |
1 |
|
|a СССР
|
| 610 |
1 |
|
|a народное образование
|
| 610 |
1 |
|
|a общество
|
| 610 |
1 |
|
|a взаимодействие
|
| 610 |
1 |
|
|a статистика
|
| 686 |
|
|
|a С55.55
|v LBC/SL-A
|2 rubbk
|
| 700 |
|
1 |
|a Филиппов
|b Ф. Р.
|g Фридрих Рафаилович
|
| 712 |
0 |
2 |
|a Академия наук СССР (АН СССР)
|b Институт социологических исследований (ИСИ)
|c (Москва)
|c (1972-1988)
|2 stltpush
|3 (RuTPU)RU\TPU\col\4722
|
| 801 |
|
1 |
|a RU
|b 63413507
|c 20070420
|g PSBO
|
| 801 |
|
2 |
|a RU
|b 63413507
|c 20220112
|g PSBO
|
| 942 |
|
|
|c BK
|